Medzinárodné porovnanie Slovenska s ČSFR, Maďarskou a Poľskou republikou č.4/92

Guardado en:
Detalles Bibliográficos
Formato: Libro
Lenguaje:eslovaco
inglés
Publicado: Bratislava Štatistický úrad SR 1993
Materias:
Etiquetas: Agregar Etiqueta
Sin Etiquetas, Sea el primero en etiquetar este registro!

MARC

LEADER 00000nam a2200000 4500
001 c004129
005 20221214082436.2
041 0 |a slo 
041 0 |a eng 
044 |a SK 
245 1 0 |a Medzinárodné porovnanie Slovenska s ČSFR, Maďarskou a Poľskou republikou č.4/92 
264 1 |a Bratislava  |b Štatistický úrad SR  |c 1993 
300 |a 61 s. 
610 2 0 |a porovnanie štatistické medzinárodné 
610 2 0 |a Slovensko 
610 2 0 |a Maďarsko 
610 2 0 |a Poľsko 
610 2 0 |a rozvoj hospodársky 
610 2 0 |a ukazovatele sociálne 
610 2 0 |a indexy 
610 2 0 |a obyvateľstvo 
610 2 0 |a zamestnanosť 
610 2 0 |a nezamestnanosť 
610 2 0 |a úroveň životná 
610 2 0 |a produkt domáci hrubý 
610 2 0 |a investície 
610 2 0 |a priemysel 
610 2 0 |a ceny 
610 2 0 |a obrat maloobchodný